000 00654nam a22002297a 4500
008 131004b xxu||||| |||| 00| 0 alb d
020 _a9789951487009
041 0 _aalb
080 _a004
_x(075.8)
100 1 _aSkenderi, Skender
245 1 0 _aMicrosoft Office 2007 /
_cSkender Skenderi ; Besnik Skenderi
246 _bMS Word 2007
246 _bMS Excel 2007
246 _bMS Power Point 2007
260 _aPrishtinë :
_bPrinting Press ;
_c2007
300 _a408 f. :
_bme il.;
_c24 cm.
_eCD
500 _aParathënie III-IV
650 0 _aKompjuterat
650 0 _aKompjuterat-Programimi-Softuerat
700 1 _aSkenderi, Besnik
942 _2udc
_cBK
999 _c28
_d28